Catálogo

LOS COSTOS DE LA MORATORIA : (Registro nro. 33693)

Detalles MARC
000 -LEADER
fixed length control field 00578nam a2200193 a 4500
001 - CONTROL NUMBER
control field 33693
005 - DATE AND TIME OF LATEST TRANSACTION
control field 20180714001654.0
008 - FIXED-LENGTH DATA ELEMENTS--GENERAL INFORMATION
fixed length control field 140415s1987 000 0 spa d
020 ## - INTERNATIONAL STANDARD BOOK NUMBER
International Standard Book Number 9684197225
041 ## - LANGUAGE CODE
Language code of text/sound track or separate title spa
082 ## - DEWEY DECIMAL CLASSIFICATION NUMBER
Classification number 336.338
Item number KAL
100 1# - MAIN ENTRY--PERSONAL NAME
Personal name KALETSKY, ANATOLE
245 14 - TITLE STATEMENT
Title LOS COSTOS DE LA MORATORIA :
Remainder of title UN ENSAYO DE LA TWENTIETH CENTURY FUND
260 ## - PUBLICATION, DISTRIBUTION, ETC.
Place of publication, distribution, etc. [s.l.] :
Name of publisher, distributor, etc. GRIJALBO,
Date of publication, distribution, etc. 1987
300 ## - PHYSICAL DESCRIPTION
Extent 193
490 ## - SERIES STATEMENT
Series statement ENLACE
650 14 - SUBJECT ADDED ENTRY--TOPICAL TERM
Topical term or geographic name entry element DEUDA EXTERIOR
General subdivision LATINOAMERICANA
-- ECONOMIA
-- DEUDA EXTERIOR
-- LATINOAMERICA
700 1# - ADDED ENTRY--PERSONAL NAME
Personal name POU, MARTHA
Relator term tr.
Existencias
Withdrawn status Lost status Source of classification or shelving scheme Damaged status Not for loan Collection code Home library Current library Shelving location Date acquired Source of acquisition Inventory number Total Checkouts Full call number Barcode Date last seen Price effective from Koha item type
    Dewey Decimal Classification     General Biblioteca Karol Wojtyla Biblioteca Karol Wojtyla Sala general 03/12/2013 Compra 151000000000000000052201   336.338 KAL 51232 05/01/2026 03/12/2013 Libro